Lebanon : Report on Performance Under the Program Supported by Emergency Post-Conflict Assistance.

This report on Lebanon's Performance Under the Program Supported by Emergency Post-Conflict Assistance analyzes the economic situation and financial system. The economic situation continues to be overshadowed by the political stalemate and episodes of violence. The recent turbulence in internat...

Повний опис

Бібліографічні деталі
Співавтор: International Monetary Fund
Формат: Журнал
Мова:English
Опубліковано: Washington, D.C. : International Monetary Fund, 2007.
Серія:IMF Staff Country Reports; Country Report ; No. 2007/371
Предмети:
Онлайн доступ:Full text available on IMF
LEADER 01852cas a2200313 a 4500
001 AALejournalIMF009697
008 230101c9999 xx r poo 0 0eng d
020 |c 5.00 USD 
020 |z 9781451822724 
022 |a 1934-7685 
040 |a BD-DhAAL  |c BD-DhAAL 
110 2 |a International Monetary Fund. 
245 1 0 |a Lebanon :   |b Report on Performance Under the Program Supported by Emergency Post-Conflict Assistance. 
264 1 |a Washington, D.C. :  |b International Monetary Fund,  |c 2007. 
300 |a 1 online resource (12 pages) 
490 1 |a IMF Staff Country Reports 
500 |a <strong>Off-Campus Access:</strong> No User ID or Password Required 
500 |a <strong>On-Campus Access:</strong> No User ID or Password Required 
506 |a Electronic access restricted to authorized BRAC University faculty, staff and students 
520 3 |a This report on Lebanon's Performance Under the Program Supported by Emergency Post-Conflict Assistance analyzes the economic situation and financial system. The economic situation continues to be overshadowed by the political stalemate and episodes of violence. The recent turbulence in international financial markets has not had a significant impact on Lebanon. It is important to restore promptly the revenue source, which constitutes a key measure in the authorities' fiscal adjustment strategy. The ongoing work by the new cash management unit to establish a cash flow plan is encouraging. 
538 |a Mode of access: Internet 
650 7 |a Banque Du Liban  |2 imf 
650 7 |a CR  |2 imf 
650 7 |a Deposit  |2 imf 
650 7 |a ISCR  |2 imf 
650 7 |a June  |2 imf 
651 7 |a Lebanon  |2 imf 
830 0 |a IMF Staff Country Reports; Country Report ;  |v No. 2007/371 
856 4 0 |z Full text available on IMF  |u http://elibrary.imf.org/view/journals/002/2007/371/002.2007.issue-371-en.xml  |z IMF e-Library